[Event "European Rapid 2022"]
[Site "Katowice POL"]
[Date "2022.12.17"]
[Round "5.95"]
[White "Warchol, Kamil"]
[Black "Zochowski, Kacper"]
[Result "1-0"]
[WhiteTitle "FM"]
[BlackTitle "FM"]
[WhiteElo "2164"]
[BlackElo "2256"]
[WhiteFideId "21858241"]
[BlackFideId "1125494"]
[EventDate "2022.12.17"]

1. e4 d6 2. d4 Nf6 3. Nc3 g6 4. f3 c6 5. Be3 Nbd7 6. Qd2 b5 7. a4 b4 8. Nd1 a5
9. Nf2 Qb6 10. Ne2 Ba6 11. g4 h5 12. g5 Nh7 13. h4 Bg7 14. Bh3 Nhf8 15. Nf4 Qc7
16. Rd1 e5 17. Ne2 exd4 18. Bxd4 Ne5 19. Bxe5 dxe5 20. O-O Bc8 21. Bxc8 Rxc8 22.
Nd3 Ne6 23. b3 O-O 24. f4 exf4 25. Nexf4 Nxf4 26. Qxf4 Qe7 27. e5 c5 28. Rfe1
Rfd8 29. Re4 Qe6 30. Rde1 Re8 31. Nb2 Rcd8 32. Nc4 Rd4 33. Rxd4 cxd4 34. Qxd4
Bf8 35. Kg2 Rc8 36. Qe4 Rd8 37. Re2 Bc5 38. Rd2 Rc8 39. Rd5 Be7 40. Rd2 Kg7 41.
Rd5 Rc7 42. Rd1 Rc5 43. Rd2 Kg8 44. Rd4 Rc8 45. Rd5 Bf8 46. Rxa5 Rd8 47. Rb5 Rd1
48. Rb6 Rd2+ 49. Kg3 Qd7 50. Nxd2 Qxd2 51. Rc6 Qd1 52. Kg2 Qd2+ 53. Kf1 Qd1+ 54.
Kf2 Qd2+ 55. Kf3 Qd1+ 56. Ke3 Bc5+ 57. Rxc5 Qg1+ 58. Kd3 Qxc5 59. Qd4 Qc6 60.
Qxb4 Qg2 61. Qf4 Qh3+ 62. Kc4 Qc8+ 63. Kd3 Qh3+ 64. Kd2 Qg2+ 65. Kc1 Qg1+ 66.
Kb2 Qg4 67. Qc4 Qg3 68. Qd4 Qg4 69. c3 Qe6 70. a5 Kh7 71. b4 Qa6 72. Kb3 Qe6+
73. Ka3 Qc6 74. Kb3 Qe6+ 75. Ka4 Qc6+ 76. b5 Qe6 77. a6 f5 78. exf6 Qa2+ 79. Kb4
Qb2+ 80. Kc5 Qa3+ 81. Kb6 Qf8 82. Qd7+ Kh8 83. Qg7+ 1-0

[Event "European Rapid 2022"]
[Site "Katowice POL"]
[Date "2022.12.17"]
[Round "5.96"]
[White "Zamekhovskiy, Yevgen"]
[Black "Orzech, Dominik"]
[Result "0-1"]
[BlackTitle "IM"]
[WhiteElo "2095"]
[BlackElo "2313"]
[WhiteFideId "14174413"]
[BlackFideId "1115065"]
[EventDate "2022.12.17"]

1. d4 Nf6 2. Nf3 c5 3. d5 e6 4. c4 exd5 5. cxd5 d6 6. Nc3 g6 7. g3 Bg7 8. Bg2 a6
9. a4 O-O 10. O-O Nbd7 11. Nd2 Re8 12. h3 Qe7 13. Nc4 Ne5 14. Nb6 Rb8 15. a5 Nh5
16. Kh2 f5 17. e4 fxe4 18. Nxe4 Bf5 19. Ng5 Nd3 20. Ne6 Nxb2 21. Bxb2 Bxb2 22.
Ra2 Be5 23. f4 Bh8 24. g4 Bxe6 25. dxe6 Nxf4 26. Nd5 Nxd5 27. Bxd5 Be5+ 28. Kg2
Rf8 29. Rf7 Rxf7 30. exf7+ Kf8 31. Ra3 b5 32. axb6 Rxb6 33. Rb3 Rb5 34. Bc4 Qb7+
35. Bd5 Rxb3 36. Bxb7 Rxb7 37. Qd5 Rxf7 38. Qa8+ Kg7 39. Qxa6 g5 40. Qc6 h6 41.
Qd5 Rf4 42. Qb7+ Kg6 43. Qc8 Kg7 44. Qb7+ Rf7 45. Qd5 Rc7 46. Qc4 Kf6 47. Kf3
Rb7 48. Qg8 Rf7 49. Ke4 c4 50. Qd8+ Kg7 51. Kd5 c3 52. Qc8 Rf2 53. Qd7+ Rf7 54.
Qc8 Re7 55. Qc4 Kf6 56. Qf1+ Bf4 57. Qf2 Re5+ 58. Kc6 Rc5+ 59. Kd7 c2 60. Qd4+
Be5 61. Qf2+ Kg7 62. Ke6 Rc7 0-1

[Event "European Rapid 2022"]
[Site "Katowice POL"]
[Date "2022.12.17"]
[Round "5.97"]
[White "Varvadoukas, Theodoros"]
[Black "Mihelic, Vesna"]
[Result "1/2-1/2"]
[BlackTitle "WCM"]
[WhiteElo "2109"]
[BlackElo "2040"]
[WhiteFideId "4210735"]
[BlackFideId "14625520"]
[EventDate "2022.12.17"]

1. c4 e6 2. Nf3 d5 3. g3 Nf6 4. Bg2 c6 5. Qc2 Be7 6. O-O O-O 7. d4 b6 8. cxd5
cxd5 9. Bf4 Bb7 10. Ne5 Nbd7 11. Nc6 Bxc6 12. Qxc6 Rc8 13. Qa4 a5 14. Nc3 Nb8
15. Rac1 Rc4 16. Qd1 Qd7 17. b3 Rc6 18. Na4 Ba3 19. Rxc6 Qxc6 20. g4 b5 21. Nc5
Bxc5 22. dxc5 Qxc5 23. g5 Nfd7 24. Qd2 Nc6 25. Rc1 Qb6 26. h4 Rc8 27. h5 Ne7 28.
Rxc8+ Nxc8 29. g6 hxg6 30. hxg6 Nf6 31. gxf7+ Kxf7 32. Qc3 Nd6 33. Be3 Qd8 34.
Qc6 Qd7 35. Qb6 a4 36. Bc5 Nde4 37. Bd4 axb3 38. axb3 Nd2 39. b4 Nc4 40. Qb8 Qe8
41. Qb7+ Qd7 42. Qb8 Qe8 43. Qf4 Qe7 44. Bc5 Qd7 45. Bh3 Qc6 46. f3 e5 47. Qg5
e4 48. Bf5 Ne5 49. f4 Ned7 50. Qg6+ Kg8 51. Be3 Qd6 52. Kg2 d4 53. Bf2 e3 54.
Bg3 Qd5+ 55. Kh2 Qa2 56. Bd3 Qd5 57. Bh4 Nf8 58. Qg2 Ne6 59. Qxd5 Nxd5 60. f5
Nef4 61. Bxb5 Nxb4 62. Be7 Nbd5 63. Bc4 Kf7 64. Bg5 Ke8 65. Kg3 Nh5+ 66. Kf3 Nc3
67. Kg4 Nf6+ 68. Kf4 Nfd5+ 69. Ke5 Nb6 70. Bd3 Kf7 71. Kxd4 Nd1 72. Bc2 Nf2 73.
Kxe3 Ng4+ 74. Kf4 Nf6 75. Bb3+ Kf8 76. e4 Ke8 77. Bh4 Kf8 78. Bf2 Nbd7 79. Bd4
Nh5+ 80. Kg5 Ng3 81. e5 Ne4+ 82. Kf4 Nec5 83. Bc4 Nb7 84. Bb2 Ndc5 85. Ba3 Ke8
86. Ke3 Nd7 87. Kd4 Nb6 88. Bb5+ Kd8 89. f6 gxf6 90. exf6 Nd7 91. Bxd7 Kxd7 92.
f7 Nd8 93. Kd5 Nxf7 1/2-1/2

[Event "European Rapid 2022"]
[Site "Katowice POL"]
[Date "2022.12.17"]
[Round "5.98"]
[White "Kaliszuk, Kamil"]
[Black "Toma, Katarzyna"]
[Result "0-1"]
[BlackTitle "WGM"]
[WhiteElo "2103"]
[BlackElo "2232"]
[WhiteFideId "21870160"]
[BlackFideId "1119907"]
[EventDate "2022.12.17"]

1. e4 c5 2. Nf3 Nc6 3. Bb5 e6 4. O-O Nge7 5. c3 a6 6. Ba4 b5 7. Bc2 c4 8. a4 Bb7
9. axb5 axb5 10. Rxa8 Bxa8 11. Na3 Qb8 12. Qe2 d5 13. exd5 Nxd5 14. b3 Nf4 15.
Qe3 cxb3 16. Bxb3 Nxg2 17. Kxg2 Ne5 18. Bd1 Ng4 19. Rh1 Nxe3+ 20. fxe3 g5 21. h3
f5 0-1

[Event "European Rapid 2022"]
[Site "Katowice POL"]
[Date "2022.12.17"]
[Round "5.99"]
[White "Kopaczewski, Adam"]
[Black "Kulon, Klaudia"]
[Result "1-0"]
[BlackTitle "IM"]
[WhiteElo "2096"]
[BlackElo "2274"]
[WhiteFideId "1187309"]
[BlackFideId "1131044"]
[EventDate "2022.12.17"]

1. e4 e5 2. d4 exd4 3. Qxd4 Nc6 4. Qe3 Nf6 5. Bd2 b6 6. Nc3 Bc5 7. Qg3 O-O 8.
O-O-O Nh5 9. Qf3 g6 10. g4 Ng7 11. h4 d5 12. Nxd5 Ne5 13. Qc3 Nxg4 14. Bg5 Qe8
15. f3 f6 16. Nxc7 Qc6 17. Bc4+ Kh8 18. fxg4 Qxc7 19. Bh6 Bxg4 20. Ne2 Be7 21.
Nf4 Rac8 22. Rhg1 Qxc4 23. Qxc4 Rxc4 24. Rxg4 Rfc8 25. c3 Ne8 26. Ne6 f5 27. Rf4
Nd6 28. exf5 Rxf4 29. Bxf4 Nxf5 30. Rd7 Bxh4 31. Rxa7 Kg8 32. Rb7 Rc6 33. Ng5
Bxg5 34. Bxg5 Nd6 35. Rd7 h5 36. Kc2 Ne4 37. Be3 Nf6 38. Rb7 Nd5 39. Bd4 h4 40.
Rg7+ Kf8 41. Rh7 g5 42. Rg7 Rc5 43. Rg6 Kf7 44. Rg7+ Kf8 45. Kd2 Nf4 46. Rh7 Rd5
47. Ke3 Ne6 48. Bxb6 Rb5 49. Rb7 Kg8 50. Rb8+ Kh7 51. b4 h3 52. Kf3 g4+ 53. Kg3
Kg6 54. a4 Rd5 55. Kxg4 h2 56. Rh8 Rg5+ 57. Kf3 Rf5+ 58. Kg2 Nf4+ 59. Kxh2 Nd5
60. Bd4 Rf4 61. a5 Re4 62. Rd8 Nf4 63. a6 Kf5 64. a7 Re2+ 65. Kg3 Rg2+ 66. Kf3 1-0

[Event "European Rapid 2022"]
[Site "Katowice POL"]
[Date "2022.12.17"]
[Round "5.100"]
[White "Gvetadze, Sofio"]
[Black "Grineva, Marianna"]
[Result "1-0"]
[WhiteTitle "IM"]
[BlackTitle "WFM"]
[WhiteElo "2298"]
[BlackElo "2020"]
[WhiteFideId "13601440"]
[BlackFideId "14102013"]
[EventDate "2022.12.17"]

1. Nf3 d6 2. g3 Nf6 3. Bg2 g6 4. O-O Bg7 5. c4 O-O 6. Nc3 e5 7. Rb1 a5 8. d3 Nc6
9. a3 Re8 10. e4 h6 11. h3 Be6 12. Be3 Ne7 13. Qd2 Kh7 14. Nd5 Nd7 15. Nh4 c6
16. Nc3 f5 17. exf5 gxf5 18. f4 Rg8 19. Ne2 Qe8 20. Kh2 Ng6 21. Nf3 Qe7 22. Rbe1
Nf6 23. Nfg1 Qf7 24. b3 a4 25. b4 Ne7 26. c5 dxc5 27. fxe5 Nfd5 28. Bxc5 Bxe5
29. Bd4 Bc7 30. Nf4 Nxf4 31. gxf4 Bd5 32. Bxd5 Nxd5 33. Be5 Rae8 34. Nf3 Bd8 35.
Rg1 Qh5 36. Qf2 Nf6 37. Bxf6 Bxf6 38. Rxg8 Rxg8 39. Re6 Qf7 40. Qe2 Rg7 41. d4
Bd8 42. Re3 Qg6 43. Qf2 Qd6 44. Re5 Qg6 45. Re1 Bc7 46. Ne5 Qh5 47. Rc1 Qe8 48.
Qf3 Bb6 49. Rd1 Qe6 50. Qd3 Bd8 51. d5 cxd5 52. Qxd5 Qb6 53. Qf3 Bh4 54. Nc4 Qe6
55. Ne3 Qa2+ 56. Ng2 Bg3+ 57. Kh1 Bf2 58. Qd3 Qf7 59. Qd5 Qg6 60. Qf3 Qb6 61.
Qh5 Qb5 62. Qf3 Bb6 63. Nh4 Bc7 64. Ng2 Qc4 65. Qd3 Qf7 66. Ne3 Bxf4 67. Qxf5+
Qxf5 68. Nxf5 Rc7 69. Rd3 b6 70. Kg2 Bc1 71. Kf3 Bb2 72. Ne3 b5 73. Ke4 Bg7 74.
Nf5 Rc4+ 75. Kd5 Bb2 76. Nd6 Rc1 77. Nxb5 Ra1 78. Kc6 Kg6 79. Kb6 Kf5 80. Ka5
Ke4 81. Rg3 Kf4 82. Rg4+ Kf3 83. Kxa4 Be5 84. Rh4 Bf4 85. Nd4+ Ke4 86. Ne2 1-0

[Event "European Rapid 2022"]
[Site "Katowice POL"]
[Date "2022.12.17"]
[Round "6.1"]
[White "Navara, David"]
[Black "Bartel, Mateusz"]
[Result "1-0"]
[WhiteTitle "GM"]
[BlackTitle "GM"]
[WhiteElo "2684"]
[BlackElo "2627"]
[WhiteFideId "309095"]
[BlackFideId "1112635"]
[EventDate "2022.12.17"]

1. e4 e5 2. Nf3 Nc6 3. Bc4 Nf6 4. d3 Be7 5. O-O O-O 6. Re1 d6 7. a4 a5 8. h3 Be6
9. Nc3 Bxc4 10. dxc4 Nb4 11. Be3 Nd7 12. Qe2 Qe8 13. Rad1 Na6 14. Nh2 Nac5 15.
Nf1 f6 16. Ng3 g6 17. f4 exf4 18. Bxf4 Rf7 19. Nd5 Rc8 20. b3 Bf8 21. Bd2 b6 22.
Bc3 Bg7 23. Nf1 Ne5 24. Nh2 Qd7 25. Rf1 Re8 26. Rde1 c6 27. Nf4 Rfe7 28. Nd3 Nf7
29. Nxc5 dxc5 30. Bxf6 Bxf6 31. Rxf6 Qd4+ 32. Qf2 Rxe4 33. Rxe4 Rxe4 34. Qxd4
cxd4 35. Nf3 Ne5 36. Nxe5 Rxe5 37. Rxc6 Re2 38. Rxb6 Rxc2 39. Rd6 Rc3 40. Rxd4
Rxb3 41. Rd5 Rb4 42. Rxa5 Rxc4 43. Ra7 Rc2 44. Kh2 Rc3 45. a5 Ra3 46. h4 h5 47.
g3 Kh8 48. Kg2 Kg8 49. Kf2 Kh8 50. a6 Kg8 51. Ke2 Kf8 52. Kd2 Ke8 53. Ra8+ Kf7
54. Kc2 Kf6 55. Kb2 Ra5 56. Kb3 Kf5 57. Kb4 Ra1 58. Kb5 Kg4 59. Rd8 Rb1+ 60. Kc6
Ra1 61. Rd4+ Kxg3 62. Kb5 Rb1+ 63. Ka5 Rf1 64. a7 Rf5+ 65. Kb6 Rf8 66. Ra4 Rf6+
67. Kc5 Rf8 68. Rb4 Rf5+ 69. Kb6 Rf8 70. Kb7 Rf7+ 71. Ka6 Rf6+ 72. Ka5 Rf8 73.
Rb8 Rf1 74. Rb3+ Kh2 75. Ka6 Rf8 76. Ra3 Rf6+ 77. Kb5 Rf8 78. a8=Q 1-0

[Event "European Rapid 2022"]
[Site "Katowice POL"]
[Date "2022.12.17"]
[Round "6.2"]
[White "Lagarde, Maxime"]
[Black "Laurusas, Tomas"]
[Result "1/2-1/2"]
[WhiteTitle "GM"]
[BlackTitle "GM"]
[WhiteElo "2584"]
[BlackElo "2567"]
[WhiteFideId "662399"]
[BlackFideId "12803731"]
[EventDate "2022.12.17"]

1. e4 e5 2. Nc3 Nf6 3. d4 exd4 4. Qxd4 Nc6 5. Qd3 Bc5 6. Bf4 d6 7. Qd2 O-O 8.
O-O-O Re8 9. f3 Be6 10. g4 Ne5 11. h4 Bxg1 12. Bxe5 dxe5 13. Rxg1 Qxd2+ 14. Rxd2
c6 15. Nd1 Rad8 16. Ne3 Rxd2 17. Kxd2 Rd8+ 18. Kc3 Kf8 19. a4 Ke7 20. Bc4 Bxc4
21. Nxc4 Ke6 22. b4 b6 23. Ra1 h5 24. g5 Ne8 25. a5 b5 26. Nb2 Nd6 27. Rd1 Ke7
28. Rf1 g6 29. Nd3 Nc4 30. f4 exf4 31. Rxf4 Nd6 32. Ne5 Ke6 33. Nf3 Ke7 34. Nd4
Rc8 35. e5 Ne8 36. Kd3 Rd8 37. Ke4 Rc8 38. c3 Rc7 39. e6 f5+ 40. gxf6+ Nxf6+ 41.
Ke5 Ng4+ 42. Ke4 Nf6+ 43. Ke5 Ng4+ 1/2-1/2

[Event "European Rapid 2022"]
[Site "Katowice POL"]
[Date "2022.12.17"]
[Round "6.3"]
[White "Fridman, Daniel"]
[Black "Alexakis, Dimitris"]
[Result "1-0"]
[WhiteTitle "GM"]
[BlackTitle "IM"]
[WhiteElo "2602"]
[BlackElo "2486"]
[WhiteFideId "11600454"]
[BlackFideId "4277023"]
[EventDate "2022.12.17"]

1. d4 Nf6 2. Nf3 c5 3. d5 b5 4. Bg5 g6 5. Bxf6 exf6 6. e4 b4 7. Bd3 Bg7 8. Nbd2
O-O 9. O-O d6 10. Nc4 Qc7 11. Nfd2 Nd7 12. f4 Nb6 13. Rb1 Bb7 14. f5 Bh6 15. b3
Rae8 16. Rf3 Kg7 17. g4 Nxd5 18. exd5 Bxd5 19. Rh3 Ba8 20. Nf3 d5 21. Ncd2 Be3+
22. Kh1 Qf4 23. Bf1 Qxg4 24. Rh4 Qxf5 25. Bh3 Qf4 26. Rxf4 Bxf4 27. Qf1 c4 28.
bxc4 dxc4 29. Bg2 c3 30. Nb3 Re3 31. Nh4 Bg5 32. Bxa8 Bxh4 33. Bf3 Rfe8 34. Kg2
h5 35. Qc4 Bg5 36. Qxb4 h4 37. Rf1 f5 38. Qd4+ Bf6 39. Qc4 Be5 40. Nc1 h3+ 41.
Kg1 Rd8 42. Nd3 Bd4 43. Kh1 Bf6 44. Qc7 a6 45. Qg3 Rh8 46. Qf4 Re7 47. Rg1 Rh4
48. Qxf5 Bd4 49. Rg4 Bf2 50. Qg5 Rxg4 51. Qxg4 1-0

[Event "European Rapid 2022"]
[Site "Katowice POL"]
[Date "2022.12.17"]
[Round "6.4"]
[White "Sargsyan, Shant"]
[Black "Santos Latasa, Jaime"]
[Result "1/2-1/2"]
[WhiteTitle "GM"]
[BlackTitle "GM"]
[WhiteElo "2645"]
[BlackElo "2668"]
[WhiteFideId "13306766"]
[BlackFideId "2293307"]
[EventDate "2022.12.17"]

1. d4 Nf6 2. c4 e6 3. Nf3 d5 4. Nc3 Bb4 5. Qa4+ Nc6 6. e3 O-O 7. Qc2 Re8 8. Bd2
Bf8 9. Be2 Nb4 10. Qb1 dxc4 11. Bxc4 b6 12. a3 Ba6 13. Be2 Bxe2 14. Nxe2 Nbd5
15. e4 1/2-1/2

[Event "European Rapid 2022"]
[Site "Katowice POL"]
[Date "2022.12.17"]
[Round "6.5"]
[White "Grandelius, Nils"]
[Black "Berend, Elvira"]
[Result "1-0"]
[WhiteTitle "GM"]
[BlackTitle "WGM"]
[WhiteElo "2660"]
[BlackElo "2318"]
[WhiteFideId "1710400"]
[BlackFideId "4000510"]
[EventDate "2022.12.17"]

1. e4 c5 2. Nf3 d6 3. d4 cxd4 4. Nxd4 Nf6 5. Nc3 a6 6. Rg1 e5 7. Nb3 Be6 8. g4
h6 9. h4 g6 10. g5 hxg5 11. hxg5 Nh5 12. Be3 Nd7 13. Qd2 Be7 14. O-O-O Rc8 15.
Kb1 Qc7 16. Be2 Nb6 17. f4 Nxf4 18. Bxf4 exf4 19. Qxf4 Na4 20. Rg3 Rh3 21. Rxh3
Bxh3 22. Rd3 Be6 23. Bg4 Nxc3+ 24. Rxc3 Qd7 25. Bxe6 Qxe6 26. Nd4 Qd7 27. Rf3
Bf8 28. e5 Bg7 29. exd6 Kf8 30. a3 Re8 31. Nb3 Be5 32. Nc5 Qf5 33. Qxf5 gxf5 34.
Nd7+ Kg7 35. Nxe5 1-0

[Event "European Rapid 2022"]
[Site "Katowice POL"]
[Date "2022.12.17"]
[Round "6.7"]
[White "Saraci, Nderim"]
[Black "Svane, Rasmus"]
[Result "1/2-1/2"]
[WhiteTitle "IM"]
[BlackTitle "GM"]
[WhiteElo "2468"]
[BlackElo "2622"]
[WhiteFideId "6351921"]
[BlackFideId "4657101"]
[EventDate "2022.12.17"]

1. d4 Nf6 2. c4 e6 3. Nc3 Bb4 4. Qc2 d5 5. cxd5 exd5 6. Bg5 h6 7. Bxf6 Qxf6 8.
a3 Bxc3+ 9. Qxc3 O-O 10. e3 c6 11. Nf3 Bf5 12. Bd3 Bxd3 13. Qxd3 Nd7 14. O-O a5
15. b4 Qd6 16. Qc3 b6 17. Rfc1 Rfc8 18. Rab1 axb4 19. axb4 Ra4 20. h3 b5 21. Ne5
Nxe5 22. dxe5 Qe6 1/2-1/2

[Event "European Rapid 2022"]
[Site "Katowice POL"]
[Date "2022.12.17"]
[Round "6.8"]
[White "Cramling, Pia"]
[Black "Hovhannisyan, Robert"]
[Result "1/2-1/2"]
[WhiteTitle "GM"]
[BlackTitle "GM"]
[WhiteElo "2463"]
[BlackElo "2597"]
[WhiteFideId "1700030"]
[BlackFideId "13302507"]
[EventDate "2022.12.17"]

1. d4 Nf6 2. c4 e6 3. Nf3 d5 4. Nc3 c6 5. Bg5 h6 6. Bxf6 Qxf6 7. e3 Nd7 8. Bd3
dxc4 9. Bxc4 g6 10. O-O Bg7 11. b4 O-O 12. Rc1 a6 13. Qb3 Qe7 14. Bd3 b6 15. a4
a5 16. b5 c5 17. Be4 Ra7 18. Rfd1 cxd4 19. exd4 Rd8 20. Bc6 Nf6 21. Ne5 Qb4 22.
Qc4 Ng4 23. Qe2 Nxe5 24. dxe5 Rxd1+ 25. Qxd1 Bxe5 26. Qd8+ Kg7 27. Qxc8 Bxc3 28.
g3 Bd4 29. Qb8 Re7 30. Qf4 e5 31. Qh4 g5 32. Qe4 Bxf2+ 33. Kg2 Bd4 34. Rf1 Qxa4
35. Qf5 Qa2+ 36. Kh1 Qe6 37. Qe4 a4 38. g4 a3 39. Bd5 Qg6 40. Rf5 Qd6 41. h4 a2
42. Bxa2 Qa3 43. Qg2 Rc7 44. Rf3 Qb4 45. Rf1 Qxb5 46. Qf3 e4 47. Qd1 Qd3 48.
Qxd3 exd3 49. Rd1 Be3 50. Rxd3 Rc1+ 51. Kg2 Rc2+ 52. Kf3 Rxa2 53. Rxe3 Rb2 54.
hxg5 hxg5 55. Rd3 b5 56. Rd5 Kf6 57. Rf5+ Kg6 58. Rc5 Rb3+ 59. Kf2 Rb4 60. Kg3
f6 61. Rc7 Rc4 62. Rb7 b4 63. Kf3 Rc3+ 64. Kf2 Rc2+ 65. Kf3 Rc4 66. Kg3 Rf4 67.
Kh3 Rf3+ 68. Kg2 Rb3 69. Kf2 Rb1 70. Kg2 Rb3 71. Kf2 Rb2+ 72. Kf3 b3 73. Kg3 Rb1
74. Kg2 Rb2+ 75. Kg3 Kh6 76. Kh3 Rb1 77. Kg2 b2 78. Kh2 Kg6 79. Kg2 Rd1 80. Rxb2
Rd4 81. Kg3 Rd3+ 82. Kg2 Kf7 83. Re2 Rc3 84. Re1 Rc5 85. Kg3 Re5 86. Ra1 Re3+
87. Kf2 Re6 88. Kf3 Ke7 89. Ra7+ Kd6 90. Ra6+ Kd5 91. Ra5+ Kc4 92. Ra4+ Kc3 93.
Ra5 Rd6 94. Rf5 Kd3 95. Kg3 Ke3 96. Kh3 Rb6 97. Kg3 Ke2 98. Kh3 Rb3+ 99. Kg2 Rb4
100. Kg3 Rb6 1/2-1/2

[Event "European Rapid 2022"]
[Site "Katowice POL"]
[Date "2022.12.17"]
[Round "6.9"]
[White "Deac, Bogdan-Daniel"]
[Black "Seo, Jung Min"]
[Result "0-1"]
[WhiteTitle "GM"]
[BlackTitle "IM"]
[WhiteElo "2700"]
[BlackElo "2502"]
[WhiteFideId "1226380"]
[BlackFideId "1734687"]
[EventDate "2022.12.17"]

1. c4 e5 2. d3 Nf6 3. Nf3 Nc6 4. a3 a5 5. Nc3 g6 6. e3 Bg7 7. Be2 O-O 8. O-O Re8
9. Qc2 d6 10. Nd2 Be6 11. Rb1 Nd7 12. b4 axb4 13. axb4 f5 14. Bf3 Rb8 15. g3 Kh8
16. Bg2 Ne7 17. f4 c6 18. Bb2 b5 19. cxb5 cxb5 20. Nf3 Qb6 21. Qd2 Nd5 22. Nxd5
Bxd5 23. Kh1 exf4 24. exf4 Qe3 25. Bxg7+ Kxg7 26. Qc3+ Nf6 27. Rbe1 Qb6 28. h3
Qb7 29. Kh2 Rxe1 30. Qxe1 Re8 31. Qf2 h6 32. Rc1 Re7 33. Rc2 Kf7 34. Rd2 Kg7 35.
Rd1 Kf7 36. Rf1 Kg7 37. Qd2 Kf7 38. Rf2 Kg7 39. Qc1 Kf7 40. Qd2 Kg7 41. Qb2 Re3
42. Qd4 Re7 43. Nh4 Bxg2 44. Rxg2 Qd5 45. Qc3 g5 46. fxg5 hxg5 47. Qd2 gxh4 48.
Qg5+ Kf7 49. gxh4 Re1 50. h5 Qe5+ 51. Rg3 Re2+ 52. Kh1 Qd5+ 53. Kg1 Qd4+ 54. Kh1
Qf2 0-1

[Event "European Rapid 2022"]
[Site "Katowice POL"]
[Date "2022.12.17"]
[Round "6.10"]
[White "Costachi, Mihnea"]
[Black "Mastrovasilis, Dimitrios"]
[Result "1/2-1/2"]
[WhiteTitle "IM"]
[BlackTitle "GM"]
[WhiteElo "2476"]
[BlackElo "2605"]
[WhiteFideId "1217518"]
[BlackFideId "4202694"]
[EventDate "2022.12.17"]

1. d4 d5 2. c4 e6 3. Nc3 a6 4. cxd5 exd5 5. Bf4 c6 6. e3 Bd6 7. Qf3 Nf6 8. Bd3
O-O 9. Nge2 Bg4 10. Qg3 Bxe2 11. Bxe2 Bxf4 12. Qxf4 Nbd7 13. O-O Qb8 14. Qxb8 1/2-1/2

[Event "European Rapid 2022"]
[Site "Katowice POL"]
[Date "2022.12.17"]
[Round "6.11"]
[White "Kosteniuk, Alexandra"]
[Black "Subelj, Jan"]
[Result "0-1"]
[WhiteTitle "GM"]
[BlackTitle "IM"]
[WhiteElo "2520"]
[BlackElo "2492"]
[WhiteFideId "4128125"]
[BlackFideId "14618583"]
[EventDate "2022.12.17"]

1. e4 e6 2. d4 d5 3. e5 c5 4. c3 Nc6 5. Nf3 Bd7 6. Be2 f6 7. O-O fxe5 8. dxe5
Nh6 9. Re1 Nf7 10. Bb5 a6 11. Bxc6 Bxc6 12. h4 Be7 13. Ng5 Nxg5 14. Bxg5 O-O 15.
Bxe7 Qxe7 16. Qg4 Rf5 17. Nd2 Raf8 18. f3 Rf4 19. Qg5 Qxg5 20. hxg5 R4f5 21. a4
Rxg5 22. a5 Rff5 23. Rf1 d4 24. Rf2 Rf4 25. cxd4 cxd4 26. Re1 Bd5 27. Rfe2 Rf8
28. Kf2 Rc8 29. b4 Rf5 30. Rd1 Rc2 31. Nf1 d3 32. Red2 Rf4 33. Ne3 Rxd2+ 34.
Rxd2 Rxb4 35. Rxd3 Rb5 36. Nxd5 exd5 37. Rc3 d4 38. Rc8+ Kf7 39. Rc7+ Ke6 40.
Rxg7 Rb2+ 41. Ke1 Kxe5 42. g3 h6 43. Re7+ Kd5 44. f4 Kd6 45. Rh7 Kd5 46. Re7 Kc4
47. f5 Rb5 48. g4 h5 49. gxh5 Rxf5 50. h6 Rxa5 51. h7 Rh5 52. Rxb7 a5 53. Kd2
Rh2+ 54. Kc1 a4 55. Rc7+ Kd3 56. Ra7 Rh1+ 57. Kb2 Ke3 58. Rxa4 Rxh7 59. Ra8 d3
60. Rg8 d2 61. Re8+ Kd3 62. Rd8+ Ke2 63. Re8+ Kd1 64. Rg8 Rb7+ 65. Ka2 Rb5 0-1

[Event "European Rapid 2022"]
[Site "Katowice POL"]
[Date "2022.12.17"]
[Round "6.12"]
[White "Mis, Mieszko"]
[Black "Tregubov, Pavel V."]
[Result "1/2-1/2"]
[WhiteTitle "FM"]
[BlackTitle "GM"]
[WhiteElo "2389"]
[BlackElo "2553"]
[WhiteFideId "1196448"]
[BlackFideId "4115341"]
[EventDate "2022.12.17"]

1. e4 c5 2. f4 d5 3. Bb5+ Bd7 4. Bxd7+ Qxd7 5. d3 dxe4 6. dxe4 Qxd1+ 7. Kxd1 Nc6
8. Nf3 e6 9. c3 Nf6 10. Nbd2 Be7 11. Ke2 h6 12. e5 Nd5 13. Ne4 O-O-O 14. Rd1 f6
15. exf6 gxf6 16. Be3 b6 17. g3 f5 18. Nf2 Bf6 19. Rd2 Na5 20. Rc2 Nc4 21. Bc1
h5 22. Rb1 h4 23. Bd2 hxg3 24. hxg3 Rd7 25. Rg1 Rg7 26. Bc1 Rhg8 27. Nh1 Nd6 28.
Kf1 Ne4 29. Rcg2 b5 30. Ke2 Kb7 31. Be3 a5 32. Nd2 Nxd2 33. Bxd2 e5 34. fxe5
Bxe5 35. Kf3 c4 36. a3 Bd6 37. Bh6 Rg6 38. Bd2 Kc6 39. Nf2 Bc5 40. Re1 f4 41. g4
Rh8 42. Rh1 Rxh1 43. Nxh1 Ne3 44. Bxe3 fxe3 45. Ng3 b4 46. axb4 axb4 47. cxb4
Bxb4 48. Nf5 Bc5 49. Nxe3 Kb5 50. Nd5 Bd4 51. g5 Kc5 52. Nf4 Rb6 53. Rc2 Bh8 54.
Ke4 Rb8 55. g6 Kb4 56. Rh2 Kb3 57. Ne6 Bxb2 58. g7 Re8 59. Kd5 Bxg7 60. Nxg7
Rd8+ 61. Kc5 c3 62. Ne6 c2 63. Nd4+ Rxd4 64. Rxc2 Kxc2 65. Kxd4 1/2-1/2

[Event "European Rapid 2022"]
[Site "Katowice POL"]
[Date "2022.12.17"]
[Round "6.13"]
[White "Yuffa, Daniil"]
[Black "Klekowski, Maciej"]
[Result "1-0"]
[WhiteTitle "GM"]
[BlackTitle "GM"]
[WhiteElo "2587"]
[BlackElo "2477"]
[WhiteFideId "24131423"]
[BlackFideId "1132717"]
[EventDate "2022.12.17"]

1. d4 Nf6 2. c4 e6 3. g3 c5 4. d5 exd5 5. cxd5 d6 6. Nc3 g6 7. Bg2 Bg7 8. Nf3
O-O 9. O-O Re8 10. Bf4 a6 11. a4 Qc7 12. Rc1 Nbd7 13. b4 Nh5 14. Bd2 Qd8 15. Qb3
b6 16. Bg5 Bf6 17. Bxf6 Nhxf6 18. Nd2 h5 19. h3 Nh7 20. Nc4 Ne5 21. Nxe5 Rxe5
22. e4 Re8 23. f4 Ra7 24. Rcd1 f6 25. Rb1 Rb7 26. Qc2 Rg7 27. bxc5 bxc5 28. Rb8
Qc7 29. Rfb1 f5 30. R1b6 g5 31. Qb2 gxf4 32. gxf4 fxe4 33. Rc6 Qd7 34. Nxe4 Rg6
35. Kh2 Qf5 36. Qf2 Qf8 37. f5 Rh6 38. Nxd6 Bd7 39. Nxe8 Bxc6 40. Nf6+ 1-0

[Event "European Rapid 2022"]
[Site "Katowice POL"]
[Date "2022.12.17"]
[Round "6.14"]
[White "Blohberger, Felix"]
[Black "Kosakowski, Jakub"]
[Result "1/2-1/2"]
[WhiteTitle "GM"]
[BlackTitle "IM"]
[WhiteElo "2490"]
[BlackElo "2475"]
[WhiteFideId "1632051"]
[BlackFideId "1185080"]
[EventDate "2022.12.17"]

1. Nf3 Nf6 2. g3 g6 3. Bg2 Bg7 4. O-O O-O 5. c4 c6 6. d4 d5 7. a4 Bf5 8. Nc3 Ne4
9. Qb3 Qb6 10. Qxb6 axb6 11. cxd5 Nxc3 12. bxc3 cxd5 13. Nd2 Rd8 14. e4 dxe4 15.
Nxe4 Nc6 16. Bf4 e5 17. dxe5 Nxe5 18. Bg5 Rd3 19. Nf6+ Kh8 20. Nd5 h6 21. Bf4
Rd8 22. Nxb6 Rxc3 23. Rad1 Rxd1 24. Rxd1 Rb3 25. Be3 Ng4 26. Bc5 Rc3 27. Bb4 Rb3
28. Bc5 Rc3 29. Bb4 Rb3 1/2-1/2